| 000 | 00368nam a2200133Ia 4500 | ||
|---|---|---|---|
| 005 | 20260328104324.0 | ||
| 008 | 260328s9999||||xx |||||||||||||| ||und|| | ||
| 100 | _aMaqueda, Enric Bou | ||
| 245 | 0 |
_aArquitectura de Palabra : _b Leticia y melancolía / _cEnric Bou Maqueda |
|
| 260 | _bUniversidad del Bío-Bío | ||
| 300 | _a259 p. | ||
| 650 | _aHISTORIA | ||
| 942 | _cBK | ||
| 999 |
_c11468 _d11468 |
||